Adversários do Botafogo na Série B do Brasileirão - Statistics

Estatísticas Gerais
  • Esse quiz foi jogado 28 vezes
  • A pontuação média é 31 de 47
Estatísticas das Respostas
Edição Resposta % Correto
2021 Vasco da Gama
100%
2003, 2015, 2021 Náutico
96%
2003, 2021 Avaí
92%
2015 Bahia
92%
2021 Coritiba
92%
2021 Goiás
92%
2003, 2015 Santa Cruz
92%
2003 Sport
92%
2015, 2021 Vitória
92%
2003, 2015 América-MG
83%
2015 Atlético-GO
83%
2015 Criciúma
83%
2021 Cruzeiro
83%
2021 Guarani
83%
2021 Ponte Preta
83%
2003, 2015 Ceará
79%
2003, 2015, 2021 CRB
79%
2021 CSA
79%
2003 Palmeiras
79%
2003, 2021 Vila Nova
79%
2014 ABC
75%
2003 Joinville
75%
2015 Paraná
75%
2003, 2021 Remo
75%
2003 América-RN
71%
2021 Brusque
71%
2015 Paysandu
71%
2015, 2021 Sampaio Corrêa
71%
2003, 2021 Londrina
67%
2003 Gama
63%
2003 Portuguesa
63%
2021 Brasil de Pelotas
58%
2003 Brasiliense
58%
2003 Paulista
58%
2015 Bragantino
54%
2003 Caxias
54%
2021 Confiança
46%
2003 Marília
42%
2015 Luverdense
38%
2015 Macaé
38%
2015 Oeste
33%
2003 Anapolina
29%
2015 Boa Esporte
25%
2003 São Raimundo
25%
2003, 2015 Mogi Mirim
21%
2021 Operário-PR
13%
2003 União São João
13%
Nenhum quiz correspondente encontrado
Distribuição das Pontuações
Porcentagem de Pessoas com Cada Pontuação
Percentil de Números Respondidos
Sua Pontuação Histórica
Você não jogou esse quiz